All Pokémon in the Mineral egg group - Statistics

General Stats
  • This quiz has been taken 20 times
  • The average score is 68 of 84
Answer Stats
Generation Pokémon % Correct
III Beldum
100%
V Boldore
100%
IV Bronzong
100%
IV Bronzor
100%
VIII Carkol
100%
VIII Coalossal
100%
IX Garganacl
100%
I Geodude
100%
V Gigalith
100%
I Golem
100%
I Graveler
100%
I Magnemite
100%
I Magneton
100%
IV Magnezone
100%
III Metagross
100%
III Metang
100%
IX Nacli
100%
IX Naclstack
100%
I Onix
100%
V Roggenrola
100%
VIII Rolycoly
100%
II Steelix
100%
VI Carbink
89%
I Electrode
89%
V Garbodor
89%
V Golett
89%
V Golurk
89%
V Klang
89%
VI Klefki
89%
V Klink
89%
V Klinklang
89%
III Lunatone
89%
III Nosepass
89%
I Porygon
89%
II Porygon2
89%
IV Porygon-Z
89%
IV Probopass
89%
III Solrock
89%
V Trubbish
89%
V Vanillish
89%
V Vanillite
89%
V Vanilluxe
89%
I Voltorb
89%
VI Aegislash
78%
VI Avalugg
78%
III Baltoy
78%
VI Bergmite
78%
III Claydol
78%
V Cofagrigus
78%
VIII Copperajah
78%
V Cryogonal
78%
VIII Cufant
78%
VI Doublade
78%
V Ferroseed
78%
V Ferrothorn
78%
IV Froslass
78%
III Glalie
78%
VI Honedge
78%
VIII Runerigus
78%
III Snorunt
78%
II Sudowoodo
78%
V Yamask
78%
V Crustle
67%
V Dwebble
67%
VIII Falinks
67%
IX Glimmet
67%
IX Glimmora
67%
VII Minior
67%
VIII Sinistea
67%
VIII Stonjourner
67%
VIII Duraludon
56%
IX Poltchageist
56%
VIII Polteageist
56%
IX Revavroom
56%
IX Sinistcha
56%
IX Varoom
56%
IX Archaludon
44%
IX Arctibax
44%
IX Baxcalibur
44%
IX Dachsbun
44%
VII Dhelmise
44%
IX Fidough
44%
IX Frigibax
44%
III Shedinja
44%
No matching quizzes found
Score Distribution
Percent of People with Each Score
Percentile by Number Answered
Your Score History
You have not taken this quiz